LEADER 00974nam a2200241 i 4500 001 000000169985 003 CaOOAMICUS 005 20080307000000.0 008 080307s1970 it u000 u ita u 013 $a147390 040 $aSeMil$bita 100 1 $aComes, Salvatore.$0(OLS)http://semarc/name/62329 245 10$aAda Negri, da un tempo all'altro /$cSalvatore Comes. 260 $a[Milano] :$bArnoldo Mondadori Editore,$c1970. 300 $a188 p., con 20 tavole fuori testo ;$c21 cm. 500 $aContiene : Appendici. - Fondo Card. Giovanni Colombo. 600 14$aNegri, Ada <1870-1945>.$0(OLS)http://semarc/subject/14099 850 $aSeMil 852 $aSeMil$W1$xVenegono$y1$m1O II 310$j236058$B120887$CSeMilBibl$Z2$F132421 $81 941 1 $a3 961 $aLascito: Colombo Card. Giovanni 996 $6245$aAda Negri, da un tempo all'altro$9(OLS)http://semarc/title/243097 996 $6260$a[Milano] :$bArnoldo Mondadori Editore$9(OLS)http://semarc/publisher/29634 LEADER 00926nam a2200205 i 4500 001 000000229832 003 CaOOAMICUS 005 20260409081732.0 008 140520s1768 it u000 u fre u 013 $a208734 026 $ansre r-nd 5.5. V.XX (3) 1768 (R) 040 $aSeMil$bita 245 10$aContenant le Deuteronome, Josue, les Juges et Ruth. 300 $aVII, [1], 766 p., 3 c. di tav. ripieg. :$bc. geogr. 500 $aSegn.: a4 A-5C4 5D4(-5D4). 773 0 $tBibbia$dA Paris : chez Antoine Boudet, imprimeur du roi, rue Saint-Jacques. Nicolas Desaint, libraire, rue du Foin ; a Avignon : chez Francois-Barthelemi Merande, imprimeur-libraire, 1767-1773.$g3$w()29921 850 $aSeMil 852 $aSeMil$W1$xVenegono$y1$m2V IV 33 FA$j180178$B180178$CSeMilBibl$Z2$F191241 $8I 996 $6245$aContenant le Deuteronome, Josue, les Juges et Ruth$9(OLS)http://semarc/title/328596